| 000 | 00638nam a2200217 4500 | ||
|---|---|---|---|
| 999 |
_c1414 _d1414 |
||
| 001 | 1414 | ||
| 003 | BD-JhCC | ||
| 005 | 20171022205951.0 | ||
| 008 | 171018s1967 bg |||| |||| 000 0 ben d | ||
| 035 | _a(BD-JhCC) 1414 | ||
| 040 |
_aBD-JhCC _dBD-JhCC |
||
| 041 | _aben | ||
| 082 |
_a891.443 _bAHA 1967 |
||
| 100 | _aআহমদ, আবুল মনসুর | ||
| 245 |
_aসত্যমিথ্যা / _cআবুল মনসুর আহমদ, |
||
| 260 |
_aঢাকা : _bআহমদ পাবলিং হাউস, _c1967. |
||
| 300 |
_a300 p. : _c21 cm. |
||
| 650 | _aBengali Novel | ||
| 942 |
_2ddc _cBK |
||